| 000 | 00000nam##2200000za#4500 |
| 001 | 9.647570 |
| 003 | CaOODSP |
| 005 | 20210615112653 |
| 007 | ta |
| 008 | 150407|1999||||xxc||||| f|0| 0 eng|d |
| 020 | |a0-662-28440-2 |
| 040 | |aCaOODSP|beng |
| 043 | |an-cn--- |
| 086 | 1 |aH68-27/1998E |
| 110 | 1 |aCanada.|bHealth Canada. |bNational Council of Welfare. |
| 245 | 10|aWelfare incomes, 1997 and 1998 : |ba report by the National Council of Welfare |
| 260 | |aOttawa - Ontario : |bHealth Canada. |c1999. |
| 300 | |a70p. : |bgraphs, tables ; |c28 cm. |
| 500 | |a"This report estimates welfare incomes for 1997 and 1998 for four types of households: a single employable person, a single person with a disability, a single-parent family with a two-year-old child, and a two-parent family with two children aged ten and 15."--Foreword. |
| 520 | 3 |aThis report estimates welfare incomes for 1997 and 1998 for four types of households: a single employable person, a single person with a disability, a single-parent family with a two-year-old child, and a two-parent family with two children aged ten and 15.--Foreword |
| 563 | |aSoftcover |
| 590 | |a00-17|b2000-04-28 |
| 690 | 07|aWelfare|2gcpds |
| 775 | 08|tRevenus du bien-être social, 1997 et 1998 : |w(CaOODSP)9.680986 |